| 000 | 01058nam a2200229 a 4500 | ||
|---|---|---|---|
| 008 | 120416s1994 ||||||||||||||||| || u | ||
| 020 | _a1856289249 | ||
| 050 | _aHD 62.7 Kya | ||
| 100 | _aKyambalesa, Henry | ||
| 245 | 1 | 0 | _aSuccess in managing a small business |
| 260 |
_aAldershot _bAvebury _c1994 |
||
| 300 | _axii, 261p. : ill. | ||
| 350 | _a0.00 | ||
| 500 | _aIncludes bibliographical references (p. 241-247) and index. | ||
| 650 | _aSMALL BUSINESS--MANAGEMENT--CASE STUDIES | ||
| 650 | 0 | _aNEW BUSINESS ENTERPRISES | |
| 650 | _aSMALL BUSINESS--MANAGEMENT | ||
| 650 | 0 | _aBUSINESS | |
| 995 |
_aMAIN LIBRARY OPEN ACCESS _D0.00 _e727192 _FCBU-MAIN LIBRARY (Kitwe) _H2 _I39.00 _jHD 62.7 Kya _M1 _ULOST _y018137 _ZMain Library Open Access Collection |
||
| 995 |
_aBINDERY (DAMAGED) _D0.00 _e727191 _FCBU-MAIN LIBRARY (Kitwe) _H1 _I39.00 _jHD 62.7 Kya _M2 _UDAMAGED _y018138 _ZMain Library Open Access Collection |
||
| 995 |
_aSPECIAL COLLECTIONS _D0.00 _e726243 _FCBU-MAIN LIBRARY (Kitwe) _H1 _I0.00 _jZAM HD 62.7 KYA _M3 _UAVAILABLE _WMar 27, 2008 _y55607 _ZZambiana Collection |
||
| 999 |
_c80800 _d80800 |
||